000 00551nam a2200205Ia 4500
005 20250326142726.0
008 250326s9999 xx 000 0 und d
020 _a0-87692-173-10
037 _aTextbook
040 _aFMSL
_beng
_cFMSL
041 _aeng
_2eng
084 _aX:51:f M2
_qFMSL
100 _aLuck D J
245 0 _aMarketing Research
_cLuck D J And Others
250 _aEd 6
260 _aNew Delhi
_bNew Delhi, Prenitce Hall of India
_c1982
300 _a634p
942 _cTB
_hX:51:f M2
999 _c1296375
_d1296375